Statistics for Girondins de Bordeaux all-time top scorers

Click here to take the quiz!

General Stats

  • This quiz has been taken 12 times
  • The average score is 4 of 10

Answer Stats

GoalsNationalityPlayer% Correct
180FranceAlain Giresse
91%
74Morocco / FranceMarouane Chamakh
91%
91PortugalPauleta
91%
66MaliCheick Diabaté
55%
137FranceBernard Lacombe
36%
71FranceLilian Laslandes
36%
77FranceDidier Couécou
18%
104FranceÉdouard Kargu
9%
72Argentina / FranceHéctor De Bourgoing
9%
100FranceLaurent Robuschi
9%

Score Distribution

Percentile by Number Answered

Percent of People with Each Score

Your Score History

You have not taken this quiz